[Event "DEM U14w 2021"]
[Site "Willingen GER"]
[Date "2021.08.25"]
[Round "4"]
[White "Marrufo, Emilia"]
[Black "Arnold, Rubina"]
[Result "0-1"]
[Termination "normal"]
[Board "12"]
[WhiteElo "1020"]
[BlackElo "1498"]
[WhiteClock "00:47:11"]
[BlackClock "00:49:32"]
[PlyCount "80"]
[WhiteFideId "16287363"]
[BlackFideId "16276272"]
[EventCountry "GER"]
[EventRounds "9"]
[EventType "swiss"]
[EventDate "2021.08.22"]

1. d4 {[%clk 01:30:58]} {[%emt 00:00:02]} Nf6 {[%clk 01:30:53]} {[%emt
00:00:08]} 2. Bf4 {[%clk 01:31:04]} {[%emt 00:00:24]} d5 {[%clk 01:31:04]}
{[%emt 00:00:18]} 3. e3 {[%clk 01:31:13]} {[%emt 00:00:21]} c5 {[%emt
00:00:16]} 4. c3 {[%clk 01:31:20]} {[%emt 00:00:19]} Nc6 {[%clk 01:31:42]}
{[%emt 00:00:10]} 5. Nf3 {[%clk 01:31:05]} {[%emt 00:00:45]} Qb6 {[%clk
01:31:57]} {[%emt 00:00:16]} 6. b3 {[%emt 00:03:19]} Bf5 {[%clk 01:28:26]}
{[%emt 00:01:13]} 7. Nbd2 {[%clk 01:30:09]} {[%emt 00:01:24]} e6 {[%clk
01:27:57]} {[%emt 00:01:00]} 8. Be2 {[%emt 00:03:25]} Be7 {[%clk 01:26:33]}
{[%emt 00:00:20]} 9. Ne5 {[%clk 01:28:52]} {[%emt 00:00:25]} Nxe5 {[%emt
00:08:58]} 10. Bxe5 {[%clk 01:27:07]} {[%emt 00:00:46]} O-O {[%clk 01:16:26]}
{[%emt 00:03:38]} 11. Nf3 {[%clk 01:25:52]} {[%emt 00:01:45]} Rfc8 {[%clk
01:12:55]} {[%emt 00:04:02]} 12. O-O {[%emt 00:11:57]} c4 {[%emt 00:07:30]} 13.
b4 {[%clk 01:20:51]} {[%emt 00:01:50]} a5 {[%clk 00:56:57]} {[%emt 00:01:41]}
14. a3 {[%clk 01:19:31]} {[%emt 00:01:50]} axb4 {[%clk 00:55:12]} {[%emt
00:02:14]} 15. axb4 {[%clk 01:19:20]} {[%emt 00:00:41]} Ra6 {[%clk 00:54:58]}
{[%emt 00:00:44]} 16. Qd2 {[%clk 01:16:52]} {[%emt 00:02:59]} Rca8 {[%clk
00:54:18]} {[%emt 00:01:09]} 17. Qb2 {[%clk 01:14:59]} {[%emt 00:02:22]} Qa7
{[%clk 00:53:39]} {[%emt 00:01:10]} 18. Rxa6 {[%clk 01:14:17]} {[%emt
00:01:13]} Qxa6 {[%clk 00:52:00]} {[%emt 00:02:08]} 19. Bf4 {[%clk 01:11:11]}
{[%emt 00:03:34]} Ne4 {[%emt 00:04:54]} 20. Ne5 {[%clk 01:07:38]} {[%emt
00:00:16]} Qa3 {[%clk 00:49:55]} {[%emt 00:01:59]} 21. Qxa3 {[%clk 01:04:38]}
{[%emt 00:03:32]} Rxa3 {[%clk 00:50:13]} {[%emt 00:00:12]} 22. Nd7 {[%clk
01:03:33]} {[%emt 00:01:31]} Nxc3 {[%emt 00:00:43]} 23. Bf3 {[%clk 01:03:11]}
{[%emt 00:00:30]} Bxb4 {[%clk 00:50:26]} {[%emt 00:00:30]} 24. Rc1 {[%clk
01:00:23]} {[%emt 00:02:56]} Na2 {[%clk 00:48:57]} {[%emt 00:02:21]} 25. Rb1
{[%clk 00:48:01]} {[%emt 00:12:51]} Bxb1 {[%emt 00:00:44]} 26. h3 {[%clk
00:47:35]} {[%emt 00:00:28]} c3 {[%clk 00:49:11]} {[%emt 00:00:32]} 27. Ne5
{[%emt 00:02:15]} c2 {[%clk 00:48:20]} {[%emt 00:00:28]} 28. Nd3 {[%clk
00:46:57]} {[%emt 00:00:15]} Rxd3 {[%clk 00:48:37]} {[%emt 00:00:14]} 29. Kh2
{[%clk 00:46:51]} {[%emt 00:00:36]} c1=Q {[%clk 00:48:45]} {[%emt 00:00:21]}
30. Kg3 {[%clk 00:46:55]} {[%emt 00:00:26]} Qc6 {[%emt 00:01:02]} 31. Kh2
{[%clk 00:46:56]} {[%emt 00:00:06]} Bd6 {[%clk 00:48:50]} {[%emt 00:00:17]} 32.
g3 {[%clk 00:46:44]} {[%emt 00:00:43]} Bxf4 {[%clk 00:49:02]} {[%emt 00:00:18]}
33. gxf4 {[%clk 00:46:55]} {[%emt 00:00:20]} Rd2 {[%clk 00:49:07]} {[%emt
00:00:25]} 34. Kg3 {[%clk 00:46:51]} {[%emt 00:00:33]} Qc2 {[%clk 00:49:10]}
{[%emt 00:00:27]} 35. Kg4 {[%clk 00:47:01]} {[%emt 00:00:20]} Rxf2 {[%clk
00:49:25]} {[%emt 00:00:17]} 36. Kg3 {[%clk 00:47:11]} {[%emt 00:00:20]} Rh2
{[%clk 00:49:34]} {[%emt 00:00:20]} 37. Kh4 {[%clk 00:47:12]} Qf2+ {[%clk
00:49:50]} {[%emt 00:00:43]} 38. Kg4 {[%clk 00:47:17]} {[%emt 00:00:24]} Bf5+
{[%clk 00:50:06]} {[%emt 00:00:13]} 39. Kg5 {[%clk 00:47:31]} {[%emt 00:00:18]}
Rxh3 {[%clk 00:49:32]} {[%emt 00:01:04]} 40. Bd1 {[%clk 00:47:11]} {[%emt
00:00:50]} f6# {[%emt 00:00:12]} 0-1

[Event "DEM U14w 2021"]
[Site "Willingen GER"]
[Date "2021.08.25"]
[Round "4"]
[White "Fiedler, Annabelle"]
[Black "Alhassan, Jodi"]
[Result "0-1"]
[Termination "normal"]
[Board "13"]
[WhiteElo "937"]
[BlackElo "1243"]
[WhiteClock "01:34:15"]
[BlackClock "00:22:43"]
[PlyCount "102"]
[WhiteFideId "34605835"]
[BlackFideId "16250460"]
[EventCountry "GER"]
[EventRounds "9"]
[EventType "swiss"]
[EventDate "2021.08.22"]

1. e4 {[%clk 01:30:59]} c5 {[%clk 01:30:50]} {[%emt 00:00:11]} 2. Nf3 {[%clk
01:31:24]} {[%emt 00:00:04]} d6 {[%clk 01:31:14]} {[%emt 00:00:07]} 3. d4
{[%clk 01:31:47]} {[%emt 00:00:06]} cxd4 {[%clk 01:31:33]} {[%emt 00:00:11]} 4.
Nxd4 {[%clk 01:32:11]} {[%emt 00:00:06]} Nf6 {[%clk 01:31:57]} {[%emt
00:00:06]} 5. Nc3 {[%clk 01:32:32]} {[%emt 00:00:10]} a6 {[%clk 01:32:09]}
{[%emt 00:00:18]} 6. Bc4 {[%clk 01:32:54]} {[%emt 00:00:07]} e6 {[%clk
01:32:31]} {[%emt 00:00:07]} 7. Be3 {[%clk 01:33:11]} {[%emt 00:00:13]} Be7
{[%clk 01:31:22]} {[%emt 00:01:39]} 8. Qe2 {[%clk 01:33:19]} {[%emt 00:00:22]}
Nbd7 {[%clk 01:28:37]} {[%emt 00:03:16]} 9. O-O {[%clk 01:32:05]} {[%emt
00:01:44]} O-O {[%clk 01:28:42]} {[%emt 00:00:25]} 10. f4 {[%clk 01:32:22]}
{[%emt 00:00:14]} Qc7 {[%clk 00:50:58]} {[%emt 00:38:14]} 11. a4 {[%clk
01:27:38]} {[%emt 00:05:13]} Nc5 {[%clk 00:41:34]} {[%emt 00:09:55]} 12. Bd3
{[%clk 01:24:46]} {[%emt 00:03:22]} b6 {[%clk 00:29:16]} {[%emt 00:12:48]} 13.
b4 {[%clk 01:21:49]} {[%emt 00:03:27]} Nxd3 {[%clk 00:28:31]} {[%emt 00:01:15]}
14. Qxd3 {[%clk 01:21:56]} {[%emt 00:00:22]} Bb7 {[%clk 00:20:19]} {[%emt
00:08:43]} 15. b5 {[%clk 01:19:50]} {[%emt 00:02:36]} a5 {[%clk 00:19:22]}
{[%emt 00:01:27]} 16. Nf3 {[%clk 01:17:01]} {[%emt 00:03:18]} Rac8 {[%clk
00:16:26]} {[%emt 00:03:27]} 17. Ra3 {[%clk 01:11:25]} {[%emt 00:06:05]} d5
{[%clk 00:15:11]} {[%emt 00:01:45]} 18. Rb3 {[%clk 01:11:33]} {[%emt 00:00:22]}
dxe4 {[%clk 00:10:11]} {[%emt 00:05:31]} 19. Nxe4 {[%clk 01:11:44]} {[%emt
00:00:19]} Bxe4 {[%clk 00:09:16]} {[%emt 00:01:24]} 20. Qe2 {[%clk 01:11:18]}
{[%emt 00:00:56]} Bxf3 {[%clk 00:04:43]} {[%emt 00:05:04]} 21. Rxf3 {[%clk
01:11:21]} {[%emt 00:00:26]} Bc5 {[%clk 00:04:31]} {[%emt 00:00:43]} 22. Rc3
{[%clk 01:11:18]} {[%emt 00:00:33]} Bxe3+ {[%clk 00:03:47]} {[%emt 00:01:13]}
23. Qxe3 {[%clk 01:11:40]} {[%emt 00:00:08]} Qxc3 {[%clk 00:01:10]} {[%emt
00:03:07]} 24. Qxc3 {[%clk 01:12:05]} {[%emt 00:00:05]} Rxc3 {[%clk 00:01:33]}
{[%emt 00:00:07]} 25. Rxc3 {[%clk 01:12:32]} {[%emt 00:00:03]} Nd5 {[%clk
00:01:16]} {[%emt 00:00:47]} 26. Rc6 {[%clk 01:12:42]} {[%emt 00:00:20]} Rb8
{[%clk 00:00:48]} {[%emt 00:00:58]} 27. c4 {[%clk 01:13:03]} {[%emt 00:00:08]}
Nb4 {[%clk 00:00:45]} {[%emt 00:00:33]} 28. Rd6 {[%clk 01:12:28]} {[%emt
00:01:05]} Kf8 {[%clk 00:00:54]} {[%emt 00:00:21]} 29. c5 {[%clk 01:12:36]}
{[%emt 00:00:23]} bxc5 {[%clk 00:01:01]} {[%emt 00:00:23]} 30. g4 {[%clk
01:11:49]} {[%emt 00:01:16]} Ke7 {[%clk 00:01:24]} {[%emt 00:00:07]} 31. Rd1
{[%clk 01:11:50]} {[%emt 00:00:29]} Rd8 {[%clk 00:01:17]} {[%emt 00:00:37]} 32.
Rc1 {[%clk 01:12:07]} {[%emt 00:00:12]} Rc8 {[%clk 00:00:41]} {[%emt 00:01:06]}
33. b6 {[%clk 01:11:39]} {[%emt 00:00:59]} Na6 {[%clk 00:01:01]} {[%emt
00:00:10]} 34. Rb1 {[%clk 01:11:37]} {[%emt 00:00:32]} Kd7 {[%clk 00:01:17]}
{[%emt 00:00:14]} 35. b7 {[%clk 01:10:59]} {[%emt 00:01:07]} Rb8 {[%clk
00:01:43]} {[%emt 00:00:04]} 36. Rb5 {[%clk 01:10:58]} {[%emt 00:00:31]} Kc6
{[%clk 00:01:22]} {[%emt 00:00:50]} 37. Rxa5 {[%clk 01:10:26]} {[%emt
00:01:02]} Nb4 {[%clk 00:01:29]} {[%emt 00:00:24]} 38. Ra7 {[%clk 01:10:14]}
{[%emt 00:00:41]} Rxb7 {[%clk 00:01:49]} {[%emt 00:00:11]} 39. Ra8 {[%clk
01:09:58]} {[%emt 00:00:46]} Rb6 {[%clk 00:01:40]} {[%emt 00:00:39]} 40. Rc8+
{[%clk 01:10:11]} {[%emt 00:00:17]} Kd5 {[%clk 00:01:54]} {[%emt 00:00:16]} 41.
Kg2 {[%clk 01:09:40]} {[%emt 00:01:00]} c4 {[%clk 00:27:43]} {[%emt 00:04:42]}
42. f5 {[%clk 01:39:20]} {[%emt 00:00:51]} Rc6 {[%clk 00:25:27]} {[%emt
00:02:45]} 43. Rb8 {[%clk 01:38:40]} {[%emt 00:01:09]} c3 {[%clk 00:22:17]}
{[%emt 00:03:41]} 44. Rxb4 {[%clk 01:37:48]} {[%emt 00:01:22]} c2 {[%clk
00:22:27]} {[%emt 00:00:20]} 45. Rb5+ {[%clk 01:37:43]} {[%emt 00:00:35]} Rc5
{[%clk 00:22:33]} {[%emt 00:00:24]} 46. Rb7 {[%clk 01:34:43]} {[%emt 00:03:31]}
c1=Q {[%clk 00:22:21]} {[%emt 00:00:41]} 47. Rd7+ {[%clk 01:35:06]} {[%emt
00:00:07]} Ke4 {[%clk 00:21:39]} {[%emt 00:01:12]} 48. Kh3 {[%clk 01:33:44]}
{[%emt 00:01:52]} Rc3+ {[%clk 00:21:30]} {[%emt 00:00:39]} 49. Kg2 {[%clk
01:33:33]} {[%emt 00:00:40]} Qb2+ {[%clk 00:21:54]} {[%emt 00:00:07]} 50. Kf1
{[%clk 01:33:55]} {[%emt 00:00:08]} Rc1+ {[%clk 00:22:18]} {[%emt 00:00:07]}
51. Rd1 {[%clk 01:34:15]} {[%emt 00:00:10]} Rxd1# {[%clk 00:22:43]} {[%emt
00:00:04]} 0-1

[Event "DEM U14w 2021"]
[Site "Willingen GER"]
[Date "2021.08.26"]
[Round "5"]
[White "Pohle, Saskia"]
[Black "Trunz, Michelle"]
[Result "0-1"]
[Termination "normal"]
[Board "1"]
[WhiteElo "1755"]
[BlackElo "1714"]
[WhiteClock "00:21:26"]
[BlackClock "00:38:24"]
[PlyCount "56"]
[WhiteFideId "16201604"]
[BlackFideId "16227980"]
[EventCountry "GER"]
[EventRounds "9"]
[EventType "swiss"]
[EventDate "2021.08.22"]

1. e4 {[%clk 01:30:58]} {[%emt 00:00:01]} c5 {[%clk 01:30:52]} {[%emt
00:00:09]} 2. Nf3 {[%clk 01:31:23]} {[%emt 00:00:05]} d6 {[%clk 01:31:13]}
{[%emt 00:00:10]} 3. d4 {[%clk 01:31:48]} {[%emt 00:00:04]} cxd4 {[%clk
01:31:35]} {[%emt 00:00:09]} 4. Nxd4 {[%clk 01:32:13]} {[%emt 00:00:05]} Nf6
{[%clk 01:31:57]} {[%emt 00:00:07]} 5. Nc3 {[%clk 01:32:36]} {[%emt 00:00:07]}
a6 {[%clk 01:32:18]} {[%emt 00:00:09]} 6. f3 {[%clk 01:33:01]} {[%emt
00:00:04]} e5 {[%clk 01:31:48]} {[%emt 00:01:00]} 7. Nb3 {[%clk 01:33:26]}
{[%emt 00:00:06]} Be7 {[%clk 01:30:42]} {[%emt 00:01:35]} 8. Be3 {[%clk
01:33:41]} {[%emt 00:00:16]} Be6 {[%clk 01:30:52]} {[%emt 00:00:20]} 9. Qd2
{[%clk 01:33:55]} {[%emt 00:00:15]} Nbd7 {[%clk 01:30:09]} {[%emt 00:01:14]}
10. O-O-O {[%clk 01:33:24]} {[%emt 00:01:00]} b5 {[%clk 01:30:19]} {[%emt
00:00:21]} 11. g4 {[%clk 01:32:49]} {[%emt 00:01:06]} Qc7 {[%clk 01:29:47]}
{[%emt 00:01:02]} 12. g5 {[%clk 01:27:59]} {[%emt 00:05:19]} Nh5 {[%clk
01:29:28]} {[%emt 00:00:50]} 13. Nd5 {[%clk 01:24:40]} {[%emt 00:03:49]} Bxd5
{[%clk 01:28:45]} {[%emt 00:01:11]} 14. exd5 {[%clk 01:24:17]} {[%emt
00:00:54]} O-O {[%clk 01:23:37]} {[%emt 00:05:39]} 15. f4 {[%clk 01:18:49]}
{[%emt 00:05:58]} g6 {[%clk 01:20:28]} {[%emt 00:03:40]} 16. Be2 {[%clk
01:12:48]} {[%emt 00:06:30]} Nxf4 {[%clk 01:16:52]} {[%emt 00:04:06]} 17. Bxf4
{[%clk 01:13:08]} {[%emt 00:00:09]} exf4 {[%clk 01:17:18]} {[%emt 00:00:05]}
18. h4 {[%clk 01:12:34]} {[%emt 00:01:04]} Rac8 {[%clk 01:12:09]} {[%emt
00:05:40]} 19. Rdg1 {[%clk 01:06:20]} {[%emt 00:06:42]} Ne5 {[%clk 01:10:27]}
{[%emt 00:02:14]} 20. Rf1 {[%clk 00:55:09]} {[%emt 00:11:39]} f3 {[%clk
01:06:30]} {[%emt 00:04:27]} 21. Bxf3 {[%clk 00:54:26]} {[%emt 00:01:13]} Nc4
{[%clk 01:05:52]} {[%emt 00:01:09]} 22. Qd3 {[%clk 00:49:25]} {[%emt 00:05:30]}
Rfe8 {[%clk 01:02:26]} {[%emt 00:03:57]} 23. Nd4 {[%clk 00:40:23]} {[%emt
00:09:32]} Qa5 {[%clk 00:56:26]} {[%emt 00:06:30]} 24. a3 {[%clk 00:38:11]}
{[%emt 00:02:40]} Bf8 {[%clk 00:48:41]} {[%emt 00:08:16]} 25. Be4 {[%clk
00:31:33]} {[%emt 00:07:08]} Bg7 {[%clk 00:46:59]} {[%emt 00:02:12]} 26. h5
{[%clk 00:30:21]} {[%emt 00:01:42]} Rxe4 {[%clk 00:41:57]} {[%emt 00:05:32]}
27. Nb3 {[%clk 00:21:02]} {[%emt 00:09:49]} Bxb2+ {[%clk 00:40:44]} {[%emt
00:01:43]} 28. Kb1 {[%clk 00:21:26]} {[%emt 00:00:07]} Qxa3 {[%clk 00:38:24]}
{[%emt 00:02:51]} 0-1

[Event "DEM U14w 2021"]
[Site "Willingen GER"]
[Date "2021.08.26"]
[Round "5"]
[White "Hubert, Charlotte"]
[Black "Voigt, Anastasia"]
[Result "1-0"]
[Termination "normal"]
[Board "2"]
[WhiteElo "1545"]
[BlackElo "1737"]
[WhiteClock "00:02:16"]
[BlackClock "00:00:33"]
[PlyCount "79"]
[WhiteFideId "16265920"]
[BlackFideId "16235223"]
[EventCountry "GER"]
[EventRounds "9"]
[EventType "swiss"]
[EventDate "2021.08.22"]

1. e4 {[%clk 01:30:57]} {[%emt 00:00:02]} e5 {[%clk 01:30:57]} {[%emt
00:00:04]} 2. Nf3 {[%clk 01:31:15]} {[%emt 00:00:12]} Nc6 {[%clk 01:31:18]}
{[%emt 00:00:09]} 3. Bb5 {[%clk 01:31:39]} {[%emt 00:00:07]} a6 {[%clk
01:31:41]} {[%emt 00:00:07]} 4. Ba4 {[%clk 01:32:03]} {[%emt 00:00:06]} Nf6
{[%clk 01:31:59]} {[%emt 00:00:12]} 5. O-O {[%clk 01:32:22]} {[%emt 00:00:11]}
Be7 {[%clk 01:32:23]} {[%emt 00:00:05]} 6. Re1 {[%clk 01:32:44]} {[%emt
00:00:08]} b5 {[%clk 01:32:37]} {[%emt 00:00:17]} 7. Bb3 {[%clk 01:33:07]}
{[%emt 00:00:06]} d6 {[%clk 01:32:56]} {[%emt 00:00:12]} 8. a4 {[%clk
01:33:27]} {[%emt 00:00:10]} Bb7 {[%clk 01:33:05]} {[%emt 00:00:20]} 9. d3
{[%clk 01:33:35]} {[%emt 00:00:23]} O-O {[%clk 01:32:07]} {[%emt 00:01:28]} 10.
Nbd2 {[%clk 01:33:47]} {[%emt 00:00:16]} Na5 {[%clk 01:28:07]} {[%emt
00:04:31]} 11. Ba2 {[%clk 01:34:07]} {[%emt 00:00:10]} c5 {[%clk 01:27:33]}
{[%emt 00:01:04]} 12. Nf1 {[%clk 01:32:02]} {[%emt 00:02:35]} Qc7 {[%clk
01:23:12]} {[%emt 00:04:50]} 13. Bg5 {[%clk 01:25:49]} {[%emt 00:06:42]} h6
{[%clk 01:11:38]} {[%emt 00:12:05]} 14. Bxf6 {[%clk 01:26:05]} {[%emt
00:00:14]} Bxf6 {[%clk 01:11:15]} {[%emt 00:00:53]} 15. Ne3 {[%clk 01:25:41]}
{[%emt 00:00:54]} Qd7 {[%clk 01:04:20]} {[%emt 00:07:25]} 16. Bd5 {[%clk
01:19:08]} {[%emt 00:07:03]} Nc6 {[%clk 00:59:13]} {[%emt 00:05:37]} 17. c3
{[%clk 01:12:41]} {[%emt 00:06:57]} Rfb8 {[%clk 00:53:31]} {[%emt 00:06:11]}
18. Qb3 {[%clk 01:05:10]} {[%emt 00:08:02]} Na5 {[%clk 00:50:14]} {[%emt
00:03:49]} 19. Qa2 {[%clk 00:58:29]} {[%emt 00:07:09]} Bxd5 {[%clk 00:48:52]}
{[%emt 00:01:53]} 20. Nxd5 {[%clk 00:58:13]} {[%emt 00:00:44]} Bd8 {[%clk
00:48:38]} {[%emt 00:00:44]} 21. Reb1 {[%clk 00:51:06]} {[%emt 00:07:37]} c4
{[%clk 00:33:48]} {[%emt 00:15:22]} 22. dxc4 {[%clk 00:40:46]} {[%emt
00:10:48]} bxc4 {[%clk 00:33:41]} {[%emt 00:00:38]} 23. Nd2 {[%clk 00:37:41]}
{[%emt 00:03:35]} Nb3 {[%clk 00:32:50]} {[%emt 00:01:21]} 24. Nxc4 {[%clk
00:26:36]} {[%emt 00:11:35]} Nxa1 {[%clk 00:19:09]} {[%emt 00:14:11]} 25. Rxa1
{[%clk 00:25:58]} {[%emt 00:01:08]} Ra7 {[%clk 00:14:22]} {[%emt 00:05:18]} 26.
b4 {[%clk 00:20:05]} {[%emt 00:06:22]} Qc6 {[%clk 00:12:35]} {[%emt 00:02:18]}
27. a5 {[%clk 00:17:11]} {[%emt 00:03:23]} Rab7 {[%clk 00:09:59]} {[%emt
00:03:05]} 28. Rf1 {[%clk 00:15:52]} {[%emt 00:01:49]} Rc8 {[%clk 00:07:25]}
{[%emt 00:03:05]} 29. Nce3 {[%clk 00:15:41]} {[%emt 00:00:41]} Bg5 {[%clk
00:06:35]} {[%emt 00:01:19]} 30. Nf5 {[%clk 00:15:01]} {[%emt 00:01:11]} g6
{[%clk 00:06:26]} {[%emt 00:00:39]} 31. f4 {[%clk 00:09:45]} {[%emt 00:05:46]}
exf4 {[%clk 00:05:11]} {[%emt 00:01:45]} 32. Nd4 {[%clk 00:09:52]} {[%emt
00:00:22]} Qc4 {[%clk 00:03:10]} {[%emt 00:02:30]} 33. Qf2 {[%clk 00:09:58]}
{[%emt 00:00:25]} Qd3 {[%clk 00:02:50]} {[%emt 00:00:51]} 34. Re1 {[%clk
00:05:58]} {[%emt 00:04:29]} Re8 {[%clk 00:02:30]} {[%emt 00:00:50]} 35. h4
{[%clk 00:05:54]} {[%emt 00:00:34]} Bd8 {[%clk 00:01:36]} {[%emt 00:01:25]} 36.
Qxf4 {[%clk 00:06:07]} {[%emt 00:00:16]} Rd7 {[%clk 00:01:21]} {[%emt
00:00:44]} 37. Re3 {[%clk 00:03:21]} {[%emt 00:03:16]} Qd1+ {[%clk 00:01:25]}
{[%emt 00:00:26]} 38. Kh2 {[%clk 00:03:07]} {[%emt 00:00:44]} Qh5 {[%clk
00:01:13]} {[%emt 00:00:43]} 39. Nf3 {[%clk 00:02:59]} {[%emt 00:00:38]} g5
{[%clk 00:00:33]} {[%emt 00:01:11]} 40. Qf5 {[%clk 00:02:16]} {[%emt 00:01:12]}
1-0

[Event "DEM U14w 2021"]
[Site "Willingen GER"]
[Date "2021.08.26"]
[Round "5"]
[White "Fischer, Darja"]
[Black "Sereda, Yaroslava"]
[Result "1-0"]
[Termination "normal"]
[Board "3"]
[WhiteElo "1591"]
[BlackElo "1750"]
[WhiteClock "00:40:23"]
[BlackClock "00:02:02"]
[PlyCount "67"]
[WhiteFideId "16240898"]
[BlackFideId "14178940"]
[EventCountry "GER"]
[EventRounds "9"]
[EventType "swiss"]
[EventDate "2021.08.22"]

1. d4 {[%clk 01:30:58]} {[%emt 00:00:02]} Nf6 {[%clk 01:30:51]} {[%emt
00:00:09]} 2. c4 {[%clk 01:31:17]} {[%emt 00:00:11]} g6 {[%clk 01:31:13]}
{[%emt 00:00:08]} 3. Nc3 {[%clk 01:31:39]} {[%emt 00:00:09]} d5 {[%clk
01:31:32]} {[%emt 00:00:11]} 4. Nf3 {[%clk 01:31:51]} {[%emt 00:00:17]} Bg7
{[%clk 01:31:43]} {[%emt 00:00:19]} 5. cxd5 {[%clk 01:32:00]} {[%emt 00:00:22]}
Nxd5 {[%clk 01:32:03]} {[%emt 00:00:10]} 6. e4 {[%clk 01:32:03]} {[%emt
00:00:26]} Nxc3 {[%clk 01:32:18]} {[%emt 00:00:14]} 7. bxc3 {[%clk 01:32:25]}
{[%emt 00:00:08]} O-O {[%clk 01:32:31]} {[%emt 00:00:17]} 8. Be2 {[%clk
01:32:15]} {[%emt 00:00:40]} c5 {[%clk 01:32:43]} {[%emt 00:00:19]} 9. O-O
{[%clk 01:32:13]} {[%emt 00:00:31]} Nc6 {[%clk 01:32:16]} {[%emt 00:00:59]} 10.
Be3 {[%clk 01:32:17]} {[%emt 00:00:23]} Bg4 {[%clk 01:29:23]} {[%emt 00:03:24]}
11. d5 {[%clk 01:26:32]} {[%emt 00:06:16]} Na5 {[%clk 01:13:30]} {[%emt
00:16:23]} 12. Rc1 {[%clk 01:23:44]} {[%emt 00:03:17]} Rc8 {[%clk 01:05:47]}
{[%emt 00:08:12]} 13. h3 {[%clk 01:20:51]} Bxf3 {[%clk 01:04:49]} {[%emt
00:04:51]} 14. Bxf3 {[%clk 01:19:00]} Nc4 {[%clk 01:04:43]} {[%emt 00:02:58]}
15. Bf4 {[%clk 01:13:46]} Nd6 {[%clk 00:28:44]} {[%emt 00:42:12]} 16. e5 {[%clk
01:06:48]} Nc4 {[%clk 00:27:06]} {[%emt 00:09:35]} 17. Qe2 {[%clk 01:05:57]}
Nb6 {[%clk 00:14:10]} {[%emt 00:14:49]} 18. c4 {[%clk 01:02:27]} f5 {[%clk
00:10:34]} {[%emt 00:08:05]} 19. e6 {[%clk 00:57:49]} Bf6 {[%clk 00:09:06]}
{[%emt 00:07:07]} 20. Rfd1 {[%clk 00:53:02]} g5 {[%clk 00:05:20]} {[%emt
00:09:31]} 21. Be5 {[%clk 00:51:35]} Bxe5 {[%clk 00:04:30]} {[%emt 00:03:18]}
22. Qxe5 {[%clk 00:51:57]} Rc7 {[%clk 00:04:08]} {[%emt 00:01:00]} 23. Bh5
{[%clk 00:51:15]} Rf6 {[%clk 00:02:49]} {[%emt 00:03:01]} 24. f4 {[%clk
00:42:56]} h6 {[%clk 00:02:38]} {[%emt 00:09:30]} 25. fxg5 {[%clk 00:42:32]}
hxg5 {[%clk 00:03:05]} {[%emt 00:00:58]} 26. Rf1 {[%clk 00:42:26]} Qd6 {[%clk
00:01:50]} {[%emt 00:02:21]} 27. Rxf5 {[%clk 00:40:54]} Qxe5 {[%clk 00:02:12]}
{[%emt 00:02:11]} 28. Rxe5 {[%clk 00:41:09]} Nc8 {[%clk 00:01:54]} {[%emt
00:01:02]} 29. Rxg5+ {[%clk 00:40:41]} Kh7 {[%clk 00:02:21]} {[%emt 00:01:00]}
30. Rc3 {[%clk 00:39:55]} Kh6 {[%clk 00:02:06]} {[%emt 00:02:02]} 31. Rcg3
{[%clk 00:39:50]} Nd6 {[%clk 00:02:09]} {[%emt 00:01:02]} 32. Be2 {[%clk
00:39:48]} Kh7 {[%clk 00:01:44]} {[%emt 00:01:27]} 33. Rh5+ {[%clk 00:40:03]}
Rh6 {[%clk 00:02:02]} {[%emt 00:00:28]} 34. Bd3+ {[%clk 00:40:23]} 1-0